Estatísticas para Matemática rápida - Divisão

Clique aqui para jogar o quiz

Estatísticas Gerais

  • Esse quiz foi jogado 1 749 vezes
  • A pontuação média é 11 de 20

Estatísticas das Respostas

problemasolução% Correto
10 ÷ 101
100%
5 ÷ 51
100%
38 ÷ 381
100%
31 ÷ 311
100%
11 ÷ 111
100%
4 ÷ 41
100%
30 ÷ 301
100%
40 ÷ 401
100%
3 ÷ 31
100%
23 ÷ 231
100%
13 ÷ 131
100%
32 ÷ 321
100%
25 ÷ 251
100%
8 ÷ 81
100%
28 ÷ 281
100%
46 ÷ 461
100%
12 ÷ 121
100%
43 ÷ 431
100%
26 ÷ 261
100%
27 ÷ 271
100%
20 ÷ 201
100%
14 ÷ 141
100%
44 ÷ 441
100%
16 ÷ 161
100%
33 ÷ 331
100%
19 ÷ 191
100%
6 ÷ 61
100%
15 ÷ 151
100%
430 ÷ 4310
100%
290 ÷ 2910
100%
340 ÷ 3410
100%
440 ÷ 4410
100%
170 ÷ 1710
100%
500 ÷ 5010
100%
350 ÷ 3510
100%
230 ÷ 2310
100%
50 ÷ 510
100%
120 ÷ 1210
100%
100 ÷ 1010
100%
460 ÷ 4610
100%
180 ÷ 1810
100%
150 ÷ 1510
100%
80 ÷ 810
100%
420 ÷ 4210
100%
450 ÷ 4510
100%
30 ÷ 310
100%
20 ÷ 210
100%
210 ÷ 2110
100%
200 ÷ 2010
100%
140 ÷ 1410
100%
110 ÷ 1110
100%
400 ÷ 4100
100%
202 ÷ 2101
100%
408 ÷ 4102
100%
515 ÷ 5103
100%
412 ÷ 4103
100%
208 ÷ 2104
100%
525 ÷ 5105
100%
210 ÷ 2105
100%
315 ÷ 3105
100%
212 ÷ 2106
100%
214 ÷ 2107
100%
216 ÷ 2108
100%
545 ÷ 5109
100%
363 ÷ 3311
100%
55 ÷ 511
100%
154 ÷ 1411
100%
275 ÷ 2511
100%
451 ÷ 4111
100%
264 ÷ 2411
100%
66 ÷ 611
100%
220 ÷ 2011
100%
517 ÷ 4711
100%
330 ÷ 3011
100%
77 ÷ 711
100%
99 ÷ 911
100%
550 ÷ 5011
100%
110 ÷ 1011
100%
44 ÷ 411
100%
22 ÷ 211
100%
506 ÷ 4611
100%
330 ÷ 3110
100%
440 ÷ 4110
100%
222 ÷ 2111
100%
444 ÷ 4111
100%
333 ÷ 3111
100%
224 ÷ 2112
100%
560 ÷ 5112
100%
336 ÷ 3112
100%
342 ÷ 3114
100%
570 ÷ 5114
100%
228 ÷ 2114
100%
460 ÷ 4115
100%
230 ÷ 2115
100%
345 ÷ 3115
100%
464 ÷ 4116
100%
468 ÷ 4117
100%
354 ÷ 3118
100%
472 ÷ 4118
100%
590 ÷ 5118
100%
236 ÷ 2118
100%
357 ÷ 3119
100%
132 ÷ 1112
100%
24 ÷ 212
100%
108 ÷ 912
100%
420 ÷ 3512
100%
120 ÷ 1012
100%
300 ÷ 2512
100%
384 ÷ 3212
100%
60 ÷ 512
100%
336 ÷ 2812
100%
84 ÷ 712
100%
144 ÷ 1212
100%
156 ÷ 1312
100%
192 ÷ 1612
100%
480 ÷ 4120
100%
360 ÷ 3120
100%
244 ÷ 2122
100%
492 ÷ 4123
100%
248 ÷ 2124
100%
500 ÷ 4125
100%
250 ÷ 2125
100%
381 ÷ 3127
100%
254 ÷ 2127
100%
256 ÷ 2128
100%
130 ÷ 1013
100%
52 ÷ 413
100%
442 ÷ 3413
100%
26 ÷ 213
100%
416 ÷ 3213
100%
403 ÷ 3113
100%
65 ÷ 513
100%
182 ÷ 1413
100%
104 ÷ 813
100%
260 ÷ 2130
100%
520 ÷ 4130
100%
390 ÷ 3130
100%
262 ÷ 2131
100%
396 ÷ 3132
100%
266 ÷ 2133
100%
402 ÷ 3134
100%
268 ÷ 2134
100%
270 ÷ 2135
100%
414 ÷ 3138
100%
276 ÷ 2138
100%
56 ÷ 414
100%
210 ÷ 1514
100%
168 ÷ 1214
100%
266 ÷ 1914
100%
154 ÷ 1114
100%
280 ÷ 2014
100%
406 ÷ 2914
100%
84 ÷ 614
100%
504 ÷ 3614
100%
126 ÷ 914
100%
28 ÷ 214
100%
280 ÷ 2140
100%
282 ÷ 2141
100%
288 ÷ 2144
100%
580 ÷ 4145
100%
30 ÷ 215
100%
180 ÷ 1215
100%
105 ÷ 715
100%
75 ÷ 515
100%
450 ÷ 3015
100%
300 ÷ 2015
100%
150 ÷ 1015
100%
435 ÷ 2915
100%
90 ÷ 615
100%
600 ÷ 4150
100%
300 ÷ 2150
100%
302 ÷ 2151
100%
304 ÷ 2152
100%
306 ÷ 2153
100%
308 ÷ 2154
100%
465 ÷ 3155
100%
312 ÷ 2156
100%
314 ÷ 2157
100%
160 ÷ 1016
100%
384 ÷ 2416
100%
336 ÷ 2116
100%
352 ÷ 2216
100%
80 ÷ 516
100%
32 ÷ 216
100%
64 ÷ 416
100%
176 ÷ 1116
100%
272 ÷ 1716
100%
320 ÷ 2160
100%
328 ÷ 2164
100%
501 ÷ 3167
100%
507 ÷ 3169
100%
51 ÷ 317
100%
68 ÷ 417
100%
221 ÷ 1317
100%
510 ÷ 3170
100%
340 ÷ 2170
100%
342 ÷ 2171
100%
346 ÷ 2173
100%
348 ÷ 2174
100%
525 ÷ 3175
100%
350 ÷ 2175
100%
36 ÷ 218
100%
360 ÷ 2018
100%
450 ÷ 2518
100%
558 ÷ 3118
100%
342 ÷ 1918
100%
180 ÷ 1018
100%
360 ÷ 2180
100%
540 ÷ 3180
100%
364 ÷ 2182
100%
370 ÷ 2185
100%
376 ÷ 2188
100%
378 ÷ 2189
100%
380 ÷ 2019
100%
95 ÷ 519
100%
494 ÷ 2619
100%
190 ÷ 1019
100%
579 ÷ 3193
100%
96 ÷ 482
100%
36 ÷ 182
100%
80 ÷ 402
100%
68 ÷ 342
100%
18 ÷ 92
100%
24 ÷ 122
100%
70 ÷ 352
100%
20 ÷ 102
100%
4 ÷ 22
100%
100 ÷ 502
100%
90 ÷ 452
100%
22 ÷ 112
100%
72 ÷ 362
100%
12 ÷ 62
100%
10 ÷ 52
100%
30 ÷ 152
100%
14 ÷ 72
100%
52 ÷ 262
100%
16 ÷ 82
100%
64 ÷ 322
100%
76 ÷ 382
100%
54 ÷ 272
100%
140 ÷ 720
100%
120 ÷ 620
100%
40 ÷ 220
100%
100 ÷ 520
100%
200 ÷ 1020
100%
540 ÷ 2720
100%
60 ÷ 320
100%
400 ÷ 2020
100%
600 ÷ 3200
100%
400 ÷ 2200
100%
402 ÷ 2201
100%
414 ÷ 2207
100%
418 ÷ 2209
100%
105 ÷ 521
100%
315 ÷ 1521
100%
210 ÷ 1021
100%
126 ÷ 621
100%
147 ÷ 721
100%
63 ÷ 321
100%
424 ÷ 2212
100%
428 ÷ 2214
100%
432 ÷ 2216
100%
436 ÷ 2218
100%
418 ÷ 1922
100%
440 ÷ 2022
100%
88 ÷ 422
100%
44 ÷ 222
100%
440 ÷ 2220
100%
444 ÷ 2222
100%
448 ÷ 2224
100%
450 ÷ 2225
100%
230 ÷ 1023
100%
46 ÷ 223
100%
69 ÷ 323
100%
462 ÷ 2231
100%
464 ÷ 2232
100%
466 ÷ 2233
100%
472 ÷ 2236
100%
478 ÷ 2239
100%
192 ÷ 824
100%
600 ÷ 2524
100%
48 ÷ 224
100%
408 ÷ 1724
100%
432 ÷ 1824
100%
240 ÷ 1024
100%
480 ÷ 2240
100%
484 ÷ 2242
100%
486 ÷ 2243
100%
490 ÷ 2245
100%
492 ÷ 2246
100%
225 ÷ 925
100%
475 ÷ 1925
100%
100 ÷ 425
100%
125 ÷ 525
100%
200 ÷ 825
100%
250 ÷ 1025
100%
50 ÷ 225
100%
500 ÷ 2250
100%
506 ÷ 2253
100%
510 ÷ 2255
100%
512 ÷ 2256
100%
78 ÷ 326
100%
234 ÷ 926
100%
260 ÷ 1026
100%
524 ÷ 2262
100%
108 ÷ 427
100%
270 ÷ 1027
100%
54 ÷ 227
100%
542 ÷ 2271
100%
546 ÷ 2273
100%
550 ÷ 2275
100%
552 ÷ 2276
100%
556 ÷ 2278
100%
140 ÷ 528
100%
224 ÷ 828
100%
308 ÷ 1128
100%
560 ÷ 2280
100%
568 ÷ 2284
100%
570 ÷ 2285
100%
576 ÷ 2288
100%
578 ÷ 2289
100%
580 ÷ 2029
100%
348 ÷ 1229
100%
290 ÷ 1029
100%
580 ÷ 2290
100%
586 ÷ 2293
100%
63 ÷ 213
100%
129 ÷ 433
100%
96 ÷ 323
100%
75 ÷ 253
100%
9 ÷ 33
100%
48 ÷ 163
100%
18 ÷ 63
100%
93 ÷ 313
100%
24 ÷ 83
100%
51 ÷ 173
100%
69 ÷ 233
100%
60 ÷ 203
100%
12 ÷ 43
100%
78 ÷ 263
100%
90 ÷ 303
100%
33 ÷ 113
100%
39 ÷ 133
100%
15 ÷ 53
100%
90 ÷ 330
100%
300 ÷ 1030
100%
180 ÷ 630
100%
60 ÷ 230
100%
240 ÷ 830
100%
217 ÷ 731
100%
186 ÷ 631
100%
96 ÷ 332
100%
64 ÷ 232
100%
192 ÷ 632
100%
576 ÷ 1832
100%
320 ÷ 1032
100%
297 ÷ 933
100%
66 ÷ 233
100%
330 ÷ 1033
100%
99 ÷ 333
100%
165 ÷ 533
100%
68 ÷ 234
100%
525 ÷ 1535
100%
315 ÷ 935
100%
210 ÷ 635
100%
420 ÷ 1235
100%
245 ÷ 735
100%
280 ÷ 835
100%
350 ÷ 1035
100%
216 ÷ 636
100%
72 ÷ 236
100%
144 ÷ 436
100%
108 ÷ 336
100%
324 ÷ 936
100%
74 ÷ 237
100%
185 ÷ 537
100%
370 ÷ 1037
100%
190 ÷ 538
100%
76 ÷ 238
100%
152 ÷ 438
100%
418 ÷ 1138
100%
304 ÷ 838
100%
312 ÷ 839
100%
507 ÷ 1339
100%
117 ÷ 339
100%
234 ÷ 639
100%
78 ÷ 239
100%
184 ÷ 464
100%
92 ÷ 234
100%
128 ÷ 324
100%
68 ÷ 174
100%
120 ÷ 304
100%
136 ÷ 344
100%
36 ÷ 94
100%
56 ÷ 144
100%
108 ÷ 274
100%
176 ÷ 444
100%
60 ÷ 154
100%
12 ÷ 34
100%
76 ÷ 194
100%
88 ÷ 224
100%
28 ÷ 74
100%
20 ÷ 54
100%
44 ÷ 114
100%
32 ÷ 84
100%
200 ÷ 504
100%
132 ÷ 334
100%
8 ÷ 24
100%
192 ÷ 484
100%
80 ÷ 204
100%
80 ÷ 240
100%
400 ÷ 1040
100%
160 ÷ 440
100%
320 ÷ 840
100%
200 ÷ 540
100%
120 ÷ 340
100%
410 ÷ 1041
100%
123 ÷ 341
100%
84 ÷ 242
100%
126 ÷ 342
100%
168 ÷ 442
100%
420 ÷ 1042
100%
387 ÷ 943
100%
344 ÷ 843
100%
135 ÷ 345
100%
180 ÷ 445
100%
450 ÷ 1045
100%
90 ÷ 245
100%
368 ÷ 846
100%
92 ÷ 246
100%
460 ÷ 1046
100%
141 ÷ 347
100%
470 ÷ 1047
100%
240 ÷ 548
100%
480 ÷ 1048
100%
192 ÷ 448
100%
528 ÷ 1148
100%
490 ÷ 1049
100%
98 ÷ 249
100%
140 ÷ 285
100%
20 ÷ 45
100%
15 ÷ 35
100%
35 ÷ 75
100%
90 ÷ 185
100%
100 ÷ 205
100%
85 ÷ 175
100%
75 ÷ 155
100%
150 ÷ 305
100%
40 ÷ 85
100%
30 ÷ 65
100%
100 ÷ 250
100%
500 ÷ 1050
100%
400 ÷ 850
100%
300 ÷ 650
100%
408 ÷ 851
100%
306 ÷ 651
100%
153 ÷ 351
100%
204 ÷ 451
100%
561 ÷ 1151
100%
156 ÷ 352
100%
260 ÷ 552
100%
416 ÷ 852
100%
530 ÷ 1053
100%
265 ÷ 553
100%
477 ÷ 953
100%
106 ÷ 253
100%
212 ÷ 453
100%
540 ÷ 1054
100%
270 ÷ 554
100%
560 ÷ 1056
100%
112 ÷ 256
100%
280 ÷ 556
100%
290 ÷ 558
100%
348 ÷ 658
100%
580 ÷ 1058
100%
116 ÷ 258
100%
42 ÷ 76
100%
36 ÷ 66
100%
72 ÷ 126
100%
60 ÷ 106
100%
240 ÷ 406
100%
12 ÷ 26
100%
48 ÷ 86
100%
180 ÷ 306
100%
30 ÷ 56
100%
66 ÷ 116
100%
120 ÷ 260
100%
180 ÷ 360
100%
420 ÷ 760
100%
360 ÷ 660
100%
240 ÷ 460
100%
366 ÷ 661
100%
315 ÷ 563
100%
252 ÷ 463
100%
192 ÷ 364
100%
260 ÷ 465
100%
455 ÷ 765
100%
130 ÷ 265
100%
132 ÷ 266
100%
396 ÷ 666
100%
272 ÷ 468
100%
138 ÷ 269
100%
276 ÷ 469
100%
414 ÷ 669
100%
70 ÷ 107
100%
224 ÷ 327
100%
287 ÷ 417
100%
189 ÷ 277
100%
238 ÷ 347
100%
35 ÷ 57
100%
77 ÷ 117
100%
133 ÷ 197
100%
28 ÷ 47
100%
210 ÷ 307
100%
98 ÷ 147
100%
126 ÷ 187
100%
21 ÷ 37
100%
490 ÷ 770
100%
350 ÷ 570
100%
280 ÷ 470
100%
140 ÷ 270
100%
142 ÷ 271
100%
216 ÷ 372
100%
144 ÷ 272
100%
146 ÷ 273
100%
370 ÷ 574
100%
150 ÷ 275
100%
225 ÷ 375
100%
152 ÷ 276
100%
154 ÷ 277
100%
308 ÷ 477
100%
237 ÷ 379
100%
120 ÷ 158
100%
328 ÷ 418
100%
64 ÷ 88
100%
88 ÷ 118
100%
152 ÷ 198
100%
360 ÷ 458
100%
168 ÷ 218
100%
160 ÷ 208
100%
400 ÷ 508
100%
384 ÷ 488
100%
224 ÷ 288
100%
280 ÷ 358
100%
80 ÷ 108
100%
72 ÷ 98
100%
48 ÷ 68
100%
16 ÷ 28
100%
560 ÷ 780
100%
400 ÷ 580
100%
320 ÷ 480
100%
486 ÷ 681
100%
162 ÷ 281
100%
410 ÷ 582
100%
164 ÷ 282
100%
166 ÷ 283
100%
415 ÷ 583
100%
336 ÷ 484
100%
168 ÷ 284
100%
170 ÷ 285
100%
510 ÷ 685
100%
430 ÷ 586
100%
261 ÷ 387
100%
176 ÷ 288
100%
445 ÷ 589
100%
306 ÷ 349
100%
270 ÷ 309
100%
396 ÷ 449
100%
45 ÷ 59
100%
36 ÷ 49
100%
162 ÷ 189
100%
27 ÷ 39
100%
441 ÷ 499
100%
405 ÷ 459
100%
423 ÷ 479
100%
270 ÷ 390
100%
180 ÷ 290
100%
368 ÷ 492
100%
552 ÷ 692
100%
188 ÷ 294
100%
285 ÷ 395
100%
190 ÷ 295
100%
192 ÷ 296
100%
291 ÷ 397
100%
196 ÷ 298
100%
594 ÷ 699
100%
198 ÷ 299
100%
25 ÷ 55
88%
88 ÷ 244
86%
100 ÷ 1001
83%
165 ÷ 1115
83%
400 ÷ 2516
83%
110 ÷ 255
83%
122 ÷ 261
83%
168 ÷ 247
83%
54 ÷ 69
83%
60 ÷ 610
80%
90 ÷ 910
80%
303 ÷ 3101
80%
309 ÷ 3103
80%
36 ÷ 312
80%
369 ÷ 3123
80%
560 ÷ 4140
80%
462 ÷ 3154
80%
326 ÷ 2163
80%
54 ÷ 318
80%
589 ÷ 3119
80%
42 ÷ 212
80%
56 ÷ 282
80%
6 ÷ 32
80%
220 ÷ 1120
80%
150 ÷ 625
80%
375 ÷ 1525
80%
538 ÷ 2269
80%
174 ÷ 629
80%
145 ÷ 529
80%
270 ÷ 930
80%
155 ÷ 531
80%
70 ÷ 235
80%
360 ÷ 1036
80%
440 ÷ 1044
80%
196 ÷ 449
80%
208 ÷ 452
80%
144 ÷ 246
80%
600 ÷ 1060
80%
49 ÷ 77
80%
178 ÷ 289
80%
81 ÷ 99
80%
18 ÷ 29
80%
39 ÷ 391
75%
17 ÷ 171
75%
49 ÷ 491
75%
42 ÷ 421
75%
40 ÷ 410
75%
300 ÷ 3010
75%
310 ÷ 3110
75%
400 ÷ 4010
75%
420 ÷ 4105
75%
324 ÷ 3108
75%
165 ÷ 1511
75%
565 ÷ 5113
75%
387 ÷ 3129
75%
364 ÷ 2813
75%
392 ÷ 2814
75%
98 ÷ 714
75%
45 ÷ 315
75%
316 ÷ 2158
75%
204 ÷ 1217
75%
102 ÷ 617
75%
34 ÷ 217
75%
570 ÷ 3019
75%
399 ÷ 2119
75%
594 ÷ 3198
75%
84 ÷ 422
75%
160 ÷ 820
75%
406 ÷ 2203
75%
410 ÷ 2205
75%
420 ÷ 2021
75%
426 ÷ 2213
75%
220 ÷ 1022
75%
72 ÷ 324
75%
508 ÷ 2254
75%
104 ÷ 426
75%
540 ÷ 2270
75%
544 ÷ 2272
75%
56 ÷ 228
75%
584 ÷ 2292
75%
594 ÷ 2297
75%
147 ÷ 493
75%
72 ÷ 243
75%
450 ÷ 1530
75%
600 ÷ 2030
75%
62 ÷ 231
75%
140 ÷ 354
75%
168 ÷ 424
75%
84 ÷ 214
75%
40 ÷ 104
75%
240 ÷ 640
75%
205 ÷ 541
75%
473 ÷ 1143
75%
220 ÷ 544
75%
294 ÷ 649
75%
108 ÷ 254
75%
550 ÷ 1055
75%
282 ÷ 476
75%
126 ÷ 263
75%
189 ÷ 363
75%
441 ÷ 763
75%
156 ÷ 278
75%
24 ÷ 38
75%
90 ÷ 109
75%
99 ÷ 119
75%
575 ÷ 2523
71%
588 ÷ 2128
71%
246 ÷ 641
71%
504 ÷ 1242
71%
198 ÷ 336
71%
41 ÷ 411
67%
29 ÷ 291
67%
22 ÷ 221
67%
7 ÷ 71
67%
2 ÷ 21
67%
160 ÷ 1610
67%
320 ÷ 3210
67%
260 ÷ 2610
67%
360 ÷ 3610
67%
500 ÷ 5100
67%
600 ÷ 6100
67%
204 ÷ 2102
67%
540 ÷ 5108
67%
585 ÷ 5117
67%
528 ÷ 4412
67%
600 ÷ 5120
67%
240 ÷ 2120
67%
246 ÷ 2123
67%
496 ÷ 4124
67%
375 ÷ 3125
67%
378 ÷ 3126
67%
512 ÷ 4128
67%
258 ÷ 2129
67%
481 ÷ 3713
67%
91 ÷ 713
67%
399 ÷ 3133
67%
272 ÷ 2136
67%
140 ÷ 1014
67%
70 ÷ 514
67%
560 ÷ 4014
67%
112 ÷ 814
67%
196 ÷ 1414
67%
564 ÷ 4141
67%
438 ÷ 3146
67%
60 ÷ 415
67%
195 ÷ 1315
67%
48 ÷ 316
67%
224 ÷ 1416
67%
486 ÷ 3162
67%
170 ÷ 1017
67%
344 ÷ 2172
67%
468 ÷ 2618
67%
362 ÷ 2181
67%
76 ÷ 419
67%
114 ÷ 619
67%
38 ÷ 219
67%
209 ÷ 1119
67%
380 ÷ 2190
67%
588 ÷ 3196
67%
597 ÷ 3199
67%
62 ÷ 312
67%
66 ÷ 332
67%
28 ÷ 142
67%
98 ÷ 492
67%
38 ÷ 192
67%
26 ÷ 132
67%
8 ÷ 42
67%
94 ÷ 472
67%
500 ÷ 2520
67%
600 ÷ 3020
67%
412 ÷ 2206
67%
336 ÷ 1621
67%
168 ÷ 821
67%
430 ÷ 2215
67%
434 ÷ 2217
67%
264 ÷ 1222
67%
176 ÷ 822
67%
110 ÷ 522
67%
456 ÷ 2228
67%
92 ÷ 423
67%
138 ÷ 623
67%
184 ÷ 823
67%
425 ÷ 1725
67%
502 ÷ 2251
67%
514 ÷ 2257
67%
516 ÷ 2258
67%
518 ÷ 2259
67%
546 ÷ 2126
67%
390 ÷ 1526
67%
520 ÷ 2026
67%
520 ÷ 2260
67%
540 ÷ 2027
67%
216 ÷ 827
67%
560 ÷ 2028
67%
406 ÷ 1429
67%
435 ÷ 1529
67%
66 ÷ 223
67%
42 ÷ 143
67%
21 ÷ 73
67%
108 ÷ 363
67%
45 ÷ 153
67%
120 ÷ 403
67%
150 ÷ 503
67%
27 ÷ 93
67%
120 ÷ 430
67%
510 ÷ 1730
67%
420 ÷ 1430
67%
360 ÷ 1230
67%
150 ÷ 530
67%
105 ÷ 335
67%
175 ÷ 535
67%
296 ÷ 837
67%
111 ÷ 337
67%
72 ÷ 184
67%
16 ÷ 44
67%
24 ÷ 64
67%
280 ÷ 740
67%
172 ÷ 443
67%
484 ÷ 1144
67%
405 ÷ 945
67%
322 ÷ 746
67%
94 ÷ 247
67%
96 ÷ 248
67%
250 ÷ 505
67%
115 ÷ 235
67%
55 ÷ 115
67%
50 ÷ 105
67%
125 ÷ 255
67%
250 ÷ 550
67%
150 ÷ 350
67%
450 ÷ 950
67%
255 ÷ 551
67%
102 ÷ 251
67%
312 ÷ 652
67%
371 ÷ 753
67%
432 ÷ 854
67%
448 ÷ 856
67%
590 ÷ 1059
67%
295 ÷ 559
67%
270 ÷ 456
67%
222 ÷ 376
67%
558 ÷ 962
67%
128 ÷ 264
67%
390 ÷ 665
67%
198 ÷ 366
67%
335 ÷ 567
67%
201 ÷ 367
67%
134 ÷ 267
67%
42 ÷ 67
67%
259 ÷ 377
67%
140 ÷ 207
67%
154 ÷ 227
67%
420 ÷ 670
67%
568 ÷ 871
67%
497 ÷ 771
67%
432 ÷ 672
67%
219 ÷ 373
67%
112 ÷ 148
67%
160 ÷ 280
67%
240 ÷ 380
67%
567 ÷ 781
67%
174 ÷ 287
67%
207 ÷ 239
67%
72 ÷ 89
67%
333 ÷ 379
67%
378 ÷ 429
67%
450 ÷ 590
67%
182 ÷ 291
67%
360 ÷ 2415
63%
18 ÷ 181
60%
220 ÷ 2210
60%
535 ÷ 5107
60%
121 ÷ 1111
60%
220 ÷ 2110
60%
72 ÷ 612
60%
426 ÷ 3142
60%
298 ÷ 2149
60%
320 ÷ 2016
60%
120 ÷ 524
60%
132 ÷ 443
60%
144 ÷ 483
60%
84 ÷ 283
60%
301 ÷ 743
60%
225 ÷ 545
60%
320 ÷ 564
60%
175 ÷ 257
60%
63 ÷ 97
60%
228 ÷ 376
60%
264 ÷ 338
60%
264 ÷ 388
60%
288 ÷ 329
60%
180 ÷ 209
60%
216 ÷ 249
60%
36 ÷ 123
57%
430 ÷ 1043
57%
249 ÷ 383
57%
135 ÷ 453
56%
47 ÷ 471
50%
21 ÷ 211
50%
45 ÷ 451
50%
270 ÷ 2710
50%
190 ÷ 1910
50%
330 ÷ 3310
50%
370 ÷ 3710
50%
380 ÷ 3810
50%
70 ÷ 710
50%
470 ÷ 4710
50%
200 ÷ 2100
50%
505 ÷ 5101
50%
312 ÷ 3104
50%
530 ÷ 5106
50%
424 ÷ 4106
50%
218 ÷ 2109
50%
327 ÷ 3109
50%
429 ÷ 3911
50%
297 ÷ 2711
50%
352 ÷ 3211
50%
484 ÷ 4411
50%
440 ÷ 4011
50%
143 ÷ 1311
50%
407 ÷ 3711
50%
555 ÷ 5111
50%
456 ÷ 4114
50%
476 ÷ 4119
50%
238 ÷ 2119
50%
48 ÷ 412
50%
492 ÷ 4112
50%
432 ÷ 3612
50%
216 ÷ 1812
50%
264 ÷ 2212
50%
480 ÷ 4012
50%
504 ÷ 4212
50%
288 ÷ 2412
50%
252 ÷ 2112
50%
360 ÷ 3012
50%
366 ÷ 3122
50%
252 ÷ 2126
50%
508 ÷ 4127
50%
384 ÷ 3128
50%
39 ÷ 313
50%
351 ÷ 2713
50%
299 ÷ 2313
50%
325 ÷ 2513
50%
390 ÷ 3013
50%
312 ÷ 2413
50%
524 ÷ 4131
50%
393 ÷ 3131
50%
264 ÷ 2132
50%
528 ÷ 4132
50%
540 ÷ 4135
50%
411 ÷ 3137
50%
252 ÷ 1814
50%
182 ÷ 1314
50%
378 ÷ 2714
50%
290 ÷ 2145
50%
588 ÷ 4147
50%
441 ÷ 3147
50%
447 ÷ 3149
50%
210 ÷ 1415
50%
555 ÷ 3715
50%
420 ÷ 2815
50%
480 ÷ 3215
50%
585 ÷ 3915
50%
600 ÷ 4015
50%
459 ÷ 3153
50%
318 ÷ 2159
50%
256 ÷ 1616
50%
96 ÷ 616
50%
144 ÷ 916
50%
464 ÷ 2916
50%
496 ÷ 3116
50%
322 ÷ 2161
50%
324 ÷ 2162
50%
489 ÷ 3163
50%
330 ÷ 2165
50%
336 ÷ 2168
50%
338 ÷ 2169
50%
544 ÷ 3217
50%
340 ÷ 2017
50%
289 ÷ 1717
50%
153 ÷ 917
50%
425 ÷ 2517
50%
354 ÷ 2177
50%
306 ÷ 1718
50%
126 ÷ 718
50%
72 ÷ 418
50%
374 ÷ 2187
50%
564 ÷ 3188
50%
133 ÷ 719
50%
570 ÷ 3190
50%
384 ÷ 2192
50%
386 ÷ 2193
50%
582 ÷ 3194
50%
390 ÷ 2195
50%
392 ÷ 2196
50%
88 ÷ 442
50%
86 ÷ 432
50%
40 ÷ 202
50%
92 ÷ 462
50%
58 ÷ 292
50%
280 ÷ 1420
50%
440 ÷ 2220
50%
80 ÷ 420
50%
180 ÷ 920
50%
420 ÷ 2120
50%
404 ÷ 2202
50%
408 ÷ 2204
50%
416 ÷ 2208
50%
42 ÷ 221
50%
84 ÷ 421
50%
462 ÷ 2221
50%
189 ÷ 921
50%
504 ÷ 2421
50%
273 ÷ 1321
50%
420 ÷ 2210
50%
550 ÷ 2522
50%
352 ÷ 1622
50%
330 ÷ 1522
50%
132 ÷ 622
50%
452 ÷ 2226
50%
454 ÷ 2227
50%
458 ÷ 2229
50%
506 ÷ 2223
50%
144 ÷ 624
50%
216 ÷ 924
50%
336 ÷ 1424
50%
494 ÷ 2247
50%
498 ÷ 2249
50%
525 ÷ 2125
50%
75 ÷ 325
50%
500 ÷ 2025
50%
504 ÷ 2252
50%
130 ÷ 526
50%
156 ÷ 626
50%
208 ÷ 826
50%
522 ÷ 2261
50%
534 ÷ 2267
50%
135 ÷ 527
50%
513 ÷ 1927
50%
81 ÷ 327
50%
189 ÷ 727
50%
459 ÷ 1727
50%
554 ÷ 2277
50%
112 ÷ 428
50%
252 ÷ 928
50%
84 ÷ 328
50%
336 ÷ 1228
50%
562 ÷ 2281
50%
574 ÷ 2287
50%
377 ÷ 1329
50%
203 ÷ 729
50%
319 ÷ 1129
50%
58 ÷ 229
50%
588 ÷ 2294
50%
592 ÷ 2296
50%
54 ÷ 183
50%
105 ÷ 353
50%
81 ÷ 273
50%
99 ÷ 333
50%
123 ÷ 413
50%
87 ÷ 293
50%
480 ÷ 1630
50%
330 ÷ 1130
50%
558 ÷ 1831
50%
93 ÷ 331
50%
256 ÷ 832
50%
480 ÷ 1532
50%
512 ÷ 1632
50%
429 ÷ 1333
50%
136 ÷ 434
50%
170 ÷ 534
50%
578 ÷ 1734
50%
455 ÷ 1335
50%
490 ÷ 1435
50%
180 ÷ 536
50%
555 ÷ 1537
50%
407 ÷ 1137
50%
494 ÷ 1338
50%
114 ÷ 338
50%
380 ÷ 1038
50%
195 ÷ 539
50%
468 ÷ 1239
50%
390 ÷ 1039
50%
124 ÷ 314
50%
196 ÷ 494
50%
148 ÷ 374
50%
172 ÷ 434
50%
48 ÷ 124
50%
104 ÷ 264
50%
480 ÷ 1240
50%
287 ÷ 741
50%
462 ÷ 1142
50%
294 ÷ 742
50%
86 ÷ 243
50%
215 ÷ 543
50%
528 ÷ 1244
50%
396 ÷ 944
50%
264 ÷ 644
50%
176 ÷ 444
50%
276 ÷ 646
50%
329 ÷ 747
50%
517 ÷ 1147
50%
336 ÷ 748
50%
432 ÷ 948
50%
392 ÷ 849
50%
441 ÷ 949
50%
160 ÷ 325
50%
175 ÷ 355
50%
110 ÷ 225
50%
70 ÷ 145
50%
120 ÷ 245
50%
180 ÷ 365
50%
165 ÷ 335
50%
60 ÷ 125
50%
130 ÷ 265
50%
200 ÷ 405
50%
350 ÷ 750
50%
200 ÷ 450
50%
459 ÷ 951
50%
510 ÷ 1051
50%
104 ÷ 252
50%
520 ÷ 1052
50%
424 ÷ 853
50%
318 ÷ 653
50%
216 ÷ 454
50%
162 ÷ 354
50%
495 ÷ 955
50%
330 ÷ 655
50%
336 ÷ 656
50%
570 ÷ 1057
50%
464 ÷ 858
50%
232 ÷ 458
50%
177 ÷ 359
50%
236 ÷ 459
50%
192 ÷ 326
50%
96 ÷ 166
50%
246 ÷ 416
50%
234 ÷ 396
50%
294 ÷ 496
50%
114 ÷ 196
50%
18 ÷ 36
50%
216 ÷ 366
50%
150 ÷ 256
50%
168 ÷ 286
50%
24 ÷ 46
50%
540 ÷ 960
50%
244 ÷ 461
50%
305 ÷ 561
50%
496 ÷ 862
50%
310 ÷ 562
50%
372 ÷ 662
50%
378 ÷ 663
50%
448 ÷ 764
50%
325 ÷ 565
50%
195 ÷ 365
50%
264 ÷ 466
50%
408 ÷ 668
50%
136 ÷ 268
50%
340 ÷ 568
50%
544 ÷ 868
50%
207 ÷ 369
50%
308 ÷ 447
50%
315 ÷ 457
50%
112 ÷ 167
50%
119 ÷ 177
50%
161 ÷ 237
50%
213 ÷ 371
50%
504 ÷ 772
50%
296 ÷ 474
50%
231 ÷ 377
50%
316 ÷ 479
50%
200 ÷ 258
50%
176 ÷ 228
50%
392 ÷ 498
50%
248 ÷ 318
50%
128 ÷ 168
50%
232 ÷ 298
50%
405 ÷ 581
50%
420 ÷ 584
50%
504 ÷ 684
50%
425 ÷ 585
50%
258 ÷ 386
50%
324 ÷ 369
50%
315 ÷ 359
50%
126 ÷ 149
50%
450 ÷ 509
50%
63 ÷ 79
50%
455 ÷ 591
50%
184 ÷ 292
50%
288 ÷ 396
50%
480 ÷ 596
50%
194 ÷ 297
50%
396 ÷ 499
50%
288 ÷ 472
43%
444 ÷ 3712
40%
180 ÷ 1512
40%
484 ÷ 4121
40%
533 ÷ 4113
40%
432 ÷ 3144
40%
390 ÷ 2615
40%
528 ÷ 3316
40%
228 ÷ 1219
40%
588 ÷ 2821
40%
441 ÷ 2121
40%
480 ÷ 2024
40%
384 ÷ 1624
40%
530 ÷ 2265
40%
572 ÷ 2286
40%
116 ÷ 429
40%
434 ÷ 1431
40%
448 ÷ 1432
40%
231 ÷ 733
40%
378 ÷ 942
40%
352 ÷ 844
40%
235 ÷ 547
40%
147 ÷ 349
40%
95 ÷ 195
40%
168 ÷ 356
40%
228 ÷ 457
40%
342 ÷ 657
40%
252 ÷ 367
40%
210 ÷ 370
40%
365 ÷ 573
40%
300 ÷ 475
40%
216 ÷ 278
40%
312 ÷ 398
40%
480 ÷ 680
40%
414 ÷ 469
40%
279 ÷ 393
40%
470 ÷ 594
40%
35 ÷ 351
33%
36 ÷ 361
33%
390 ÷ 3910
33%
130 ÷ 1310
33%
416 ÷ 4104
33%
432 ÷ 4108
33%
132 ÷ 1211
33%
462 ÷ 4211
33%
226 ÷ 2113
33%
339 ÷ 3113
33%
575 ÷ 5115
33%
348 ÷ 3116
33%
580 ÷ 5116
33%
595 ÷ 5119
33%
312 ÷ 2612
33%
456 ÷ 3812
33%
488 ÷ 4122
33%
372 ÷ 3124
33%
156 ÷ 1213
33%
377 ÷ 2913
33%
143 ÷ 1113
33%
208 ÷ 1613
33%
548 ÷ 4137
33%
278 ÷ 2139
33%
417 ÷ 3139
33%
364 ÷ 2614
33%
294 ÷ 2114
33%
462 ÷ 3314
33%
572 ÷ 4143
33%
435 ÷ 3145
33%
294 ÷ 2147
33%
225 ÷ 1515
33%
375 ÷ 2515
33%
405 ÷ 2715
33%
450 ÷ 3150
33%
304 ÷ 1916
33%
483 ÷ 3161
33%
492 ÷ 3164
33%
332 ÷ 2166
33%
334 ÷ 2167
33%
85 ÷ 517
33%
595 ÷ 3517
33%
255 ÷ 1517
33%
476 ÷ 2817
33%
136 ÷ 817
33%
513 ÷ 3171
33%
528 ÷ 3176
33%
108 ÷ 618
33%
252 ÷ 1418
33%
288 ÷ 1618
33%
270 ÷ 1518
33%
549 ÷ 3183
33%
555 ÷ 3185
33%
361 ÷ 1919
33%
437 ÷ 2319
33%
382 ÷ 2191
33%
576 ÷ 3192
33%
591 ÷ 3197
33%
394 ÷ 2197
33%
398 ÷ 2199
33%
50 ÷ 252
33%
74 ÷ 372
33%
32 ÷ 162
33%
44 ÷ 222
33%
560 ÷ 2820
33%
580 ÷ 2920
33%
380 ÷ 1920
33%
260 ÷ 1320
33%
357 ÷ 1721
33%
252 ÷ 1221
33%
567 ÷ 2721
33%
294 ÷ 1421
33%
399 ÷ 1921
33%
422 ÷ 2211
33%
438 ÷ 2219
33%
484 ÷ 2222
33%
396 ÷ 1822
33%
322 ÷ 1423
33%
207 ÷ 923
33%
96 ÷ 424
33%
264 ÷ 1124
33%
416 ÷ 1626
33%
182 ÷ 726
33%
528 ÷ 2264
33%
536 ÷ 2268
33%
243 ÷ 927
33%
162 ÷ 627
33%
420 ÷ 1528
33%
280 ÷ 1028
33%
551 ÷ 1929
33%
87 ÷ 329
33%
493 ÷ 1729
33%
598 ÷ 2299
33%
102 ÷ 343
33%
126 ÷ 423
33%
390 ÷ 1330
33%
124 ÷ 431
33%
589 ÷ 1931
33%
264 ÷ 833
33%
374 ÷ 1134
33%
408 ÷ 1234
33%
560 ÷ 1635
33%
252 ÷ 736
33%
540 ÷ 1536
33%
222 ÷ 637
33%
570 ÷ 1538
33%
100 ÷ 254
33%
164 ÷ 414
33%
112 ÷ 284
33%
360 ÷ 940
33%
560 ÷ 1440
33%
574 ÷ 1441
33%
210 ÷ 542
33%
132 ÷ 344
33%
414 ÷ 946
33%
144 ÷ 348
33%
288 ÷ 648
33%
588 ÷ 1249
33%
245 ÷ 495
33%
225 ÷ 455
33%
65 ÷ 135
33%
550 ÷ 1150
33%
171 ÷ 357
33%
456 ÷ 857
33%
354 ÷ 659
33%
102 ÷ 176
33%
276 ÷ 466
33%
138 ÷ 236
33%
264 ÷ 446
33%
300 ÷ 560
33%
427 ÷ 761
33%
183 ÷ 361
33%
549 ÷ 961
33%
434 ÷ 762
33%
248 ÷ 462
33%
469 ÷ 767
33%
273 ÷ 397
33%
336 ÷ 487
33%
84 ÷ 127
33%
355 ÷ 571
33%
592 ÷ 874
33%
385 ÷ 577
33%
234 ÷ 378
33%
553 ÷ 779
33%
104 ÷ 138
33%
344 ÷ 438
33%
588 ÷ 784
33%
348 ÷ 487
33%
352 ÷ 488
33%
297 ÷ 339
33%
189 ÷ 219
33%
153 ÷ 179
33%
540 ÷ 690
33%
372 ÷ 493
33%
282 ÷ 394
33%
356 ÷ 489
29%
273 ÷ 391
29%
306 ÷ 3102
25%
520 ÷ 5104
25%
428 ÷ 4107
25%
234 ÷ 2117
25%
396 ÷ 3312
25%
516 ÷ 4312
25%
169 ÷ 1313
25%
286 ÷ 2213
25%
490 ÷ 3514
25%
308 ÷ 2214
25%
120 ÷ 815
25%
330 ÷ 2215
25%
512 ÷ 3216
25%
448 ÷ 2816
25%
416 ÷ 2616
25%
357 ÷ 2117
25%
534 ÷ 3178
25%
247 ÷ 1319
25%
308 ÷ 1422
25%
286 ÷ 1322
25%
529 ÷ 2323
25%
456 ÷ 1924
25%
468 ÷ 1826
25%
504 ÷ 1828
25%
566 ÷ 2283
25%
522 ÷ 1829
25%
596 ÷ 2298
25%
341 ÷ 1131
25%
476 ÷ 1434
25%
504 ÷ 1436
25%
576 ÷ 1636
25%
148 ÷ 437
25%
546 ÷ 1439
25%
520 ÷ 1340
25%
308 ÷ 744
25%
343 ÷ 749
25%
230 ÷ 465
25%
468 ÷ 952
25%
385 ÷ 755
25%
156 ÷ 266
25%
78 ÷ 136
25%
204 ÷ 346
25%
174 ÷ 296
25%
520 ÷ 865
25%
203 ÷ 297
25%
462 ÷ 677
25%
252 ÷ 384
25%
435 ÷ 587
25%
225 ÷ 259
25%
558 ÷ 693
25%
376 ÷ 494
25%
297 ÷ 399
25%
396 ÷ 3611
20%
198 ÷ 1811
20%
315 ÷ 2115
20%
368 ÷ 2316
20%
592 ÷ 3716
20%
352 ÷ 2176
20%
470 ÷ 2235
20%
350 ÷ 1425
20%
442 ÷ 1726
20%
114 ÷ 383
20%
518 ÷ 1437
20%
552 ÷ 1246
20%
210 ÷ 425
20%
504 ÷ 956
20%
231 ÷ 337
20%
288 ÷ 1224
17%
476 ÷ 1728
17%
585 ÷ 1345
17%
105 ÷ 157
17%
532 ÷ 1928
14%
464 ÷ 1629
14%
108 ÷ 186
14%
576 ÷ 2424
13%
9 ÷ 91
0%
24 ÷ 241
0%
37 ÷ 371
0%
48 ÷ 481
0%
34 ÷ 341
0%
50 ÷ 501
0%
490 ÷ 4910
0%
250 ÷ 2510
0%
480 ÷ 4810
0%
280 ÷ 2810
0%
410 ÷ 4110
0%
240 ÷ 2410
0%
300 ÷ 3100
0%
404 ÷ 4101
0%
510 ÷ 5102
0%
206 ÷ 2103
0%
318 ÷ 3106
0%
321 ÷ 3107
0%
436 ÷ 4109
0%
539 ÷ 4911
0%
385 ÷ 3511
0%
187 ÷ 1711
0%
374 ÷ 3411
0%
495 ÷ 4511
0%
308 ÷ 2811
0%
473 ÷ 4311
0%
231 ÷ 2111
0%
418 ÷ 3811
0%
528 ÷ 4811
0%
253 ÷ 2311
0%
286 ÷ 2611
0%
176 ÷ 1611
0%
242 ÷ 2211
0%
88 ÷ 811
0%
341 ÷ 3111
0%
209 ÷ 1911
0%
319 ÷ 2911
0%
33 ÷ 311
0%
550 ÷ 5110
0%
448 ÷ 4112
0%
452 ÷ 4113
0%
232 ÷ 2116
0%
351 ÷ 3117
0%
324 ÷ 2712
0%
204 ÷ 1712
0%
228 ÷ 1912
0%
372 ÷ 3112
0%
540 ÷ 4512
0%
576 ÷ 4812
0%
276 ÷ 2312
0%
408 ÷ 3412
0%
552 ÷ 4612
0%
168 ÷ 1412
0%
96 ÷ 812
0%
564 ÷ 4712
0%
348 ÷ 2912
0%
240 ÷ 2012
0%
600 ÷ 5012
0%
588 ÷ 4912
0%
468 ÷ 3912
0%
363 ÷ 3121
0%
242 ÷ 2121
0%
504 ÷ 4126
0%
516 ÷ 4129
0%
468 ÷ 3613
0%
559 ÷ 4313
0%
507 ÷ 3913
0%
247 ÷ 1913
0%
78 ÷ 613
0%
572 ÷ 4413
0%
598 ÷ 4613
0%
273 ÷ 2113
0%
195 ÷ 1513
0%
338 ÷ 2613
0%
520 ÷ 4013
0%
494 ÷ 3813
0%
585 ÷ 4513
0%
260 ÷ 2013
0%
221 ÷ 1713
0%
117 ÷ 913
0%
546 ÷ 4213
0%
234 ÷ 1813
0%
429 ÷ 3313
0%
455 ÷ 3513
0%
532 ÷ 4133
0%
536 ÷ 4134
0%
405 ÷ 3135
0%
408 ÷ 3136
0%
544 ÷ 4136
0%
274 ÷ 2137
0%
552 ÷ 4138
0%
556 ÷ 4139
0%
518 ÷ 3714
0%
420 ÷ 3014
0%
532 ÷ 3814
0%
224 ÷ 1614
0%
322 ÷ 2314
0%
336 ÷ 2414
0%
448 ÷ 3214
0%
350 ÷ 2514
0%
476 ÷ 3414
0%
588 ÷ 4214
0%
546 ÷ 3914
0%
42 ÷ 314
0%
574 ÷ 4114
0%
434 ÷ 3114
0%
238 ÷ 1714
0%
420 ÷ 3140
0%
423 ÷ 3141
0%
568 ÷ 4142
0%
284 ÷ 2142
0%
429 ÷ 3143
0%
286 ÷ 2143
0%
576 ÷ 4144
0%
292 ÷ 2146
0%
584 ÷ 4146
0%
296 ÷ 2148
0%
592 ÷ 4148
0%
444 ÷ 3148
0%
596 ÷ 4149
0%
285 ÷ 1915
0%
540 ÷ 3615
0%
495 ÷ 3315
0%
510 ÷ 3415
0%
570 ÷ 3815
0%
135 ÷ 915
0%
240 ÷ 1615
0%
270 ÷ 1815
0%
465 ÷ 3115
0%
255 ÷ 1715
0%
345 ÷ 2315
0%
525 ÷ 3515
0%
453 ÷ 3151
0%
456 ÷ 3152
0%
310 ÷ 2155
0%
468 ÷ 3156
0%
471 ÷ 3157
0%
474 ÷ 3158
0%
477 ÷ 3159
0%
544 ÷ 3416
0%
208 ÷ 1316
0%
576 ÷ 3616
0%
480 ÷ 3016
0%
128 ÷ 816
0%
432 ÷ 2716
0%
560 ÷ 3516
0%
192 ÷ 1216
0%
112 ÷ 716
0%
240 ÷ 1516
0%
288 ÷ 1816
0%
480 ÷ 3160
0%
495 ÷ 3165
0%
498 ÷ 3166
0%
504 ÷ 3168
0%
527 ÷ 3117
0%
323 ÷ 1917
0%
578 ÷ 3417
0%
510 ÷ 3017
0%
119 ÷ 717
0%
374 ÷ 2217
0%
493 ÷ 2917
0%
306 ÷ 1817
0%
238 ÷ 1417
0%
391 ÷ 2317
0%
187 ÷ 1117
0%
561 ÷ 3317
0%
408 ÷ 2417
0%
459 ÷ 2717
0%
442 ÷ 2617
0%
272 ÷ 1617
0%
516 ÷ 3172
0%
519 ÷ 3173
0%
522 ÷ 3174
0%
531 ÷ 3177
0%
356 ÷ 2178
0%
358 ÷ 2179
0%
537 ÷ 3179
0%
576 ÷ 3218
0%
594 ÷ 3318
0%
162 ÷ 918
0%
198 ÷ 1118
0%
540 ÷ 3018
0%
144 ÷ 818
0%
90 ÷ 518
0%
414 ÷ 2318
0%
396 ÷ 2218
0%
234 ÷ 1318
0%
432 ÷ 2418
0%
216 ÷ 1218
0%
486 ÷ 2718
0%
378 ÷ 2118
0%
324 ÷ 1818
0%
522 ÷ 2918
0%
504 ÷ 2818
0%
543 ÷ 3181
0%
546 ÷ 3182
0%
366 ÷ 2183
0%
368 ÷ 2184
0%
552 ÷ 3184
0%
372 ÷ 2186
0%
558 ÷ 3186
0%
561 ÷ 3187
0%
567 ÷ 3189
0%
456 ÷ 2419
0%
551 ÷ 2919
0%
532 ÷ 2819
0%
57 ÷ 319
0%
304 ÷ 1619
0%
475 ÷ 2519
0%
323 ÷ 1719
0%
266 ÷ 1419
0%
171 ÷ 919
0%
513 ÷ 2719
0%
152 ÷ 819
0%
342 ÷ 1819
0%
285 ÷ 1519
0%
418 ÷ 2219
0%
573 ÷ 3191
0%
388 ÷ 2194
0%
585 ÷ 3195
0%
396 ÷ 2198
0%
60 ÷ 302
0%
34 ÷ 172
0%
78 ÷ 392
0%
46 ÷ 232
0%
82 ÷ 412
0%
48 ÷ 242
0%
300 ÷ 1520
0%
360 ÷ 1820
0%
480 ÷ 2420
0%
240 ÷ 1220
0%
320 ÷ 1620
0%
460 ÷ 2320
0%
520 ÷ 2620
0%
340 ÷ 1720
0%
378 ÷ 1821
0%
546 ÷ 2621
0%
231 ÷ 1121
0%
525 ÷ 2521
0%
483 ÷ 2321
0%
528 ÷ 2422
0%
374 ÷ 1722
0%
462 ÷ 2122
0%
594 ÷ 2722
0%
198 ÷ 922
0%
154 ÷ 722
0%
572 ÷ 2622
0%
242 ÷ 1122
0%
506 ÷ 2322
0%
66 ÷ 322
0%
442 ÷ 2221
0%
446 ÷ 2223
0%
552 ÷ 2423
0%
483 ÷ 2123
0%
276 ÷ 1223
0%
391 ÷ 1723
0%
299 ÷ 1323
0%
414 ÷ 1823
0%
460 ÷ 2023
0%
345 ÷ 1523
0%
437 ÷ 1923
0%
598 ÷ 2623
0%
115 ÷ 523
0%
368 ÷ 1623
0%
161 ÷ 723
0%
253 ÷ 1123
0%
460 ÷ 2230
0%
468 ÷ 2234
0%
474 ÷ 2237
0%
476 ÷ 2238
0%
528 ÷ 2224
0%
168 ÷ 724
0%
552 ÷ 2324
0%
312 ÷ 1324
0%
360 ÷ 1524
0%
504 ÷ 2124
0%
482 ÷ 2241
0%
488 ÷ 2244
0%
496 ÷ 2248
0%
550 ÷ 2225
0%
300 ÷ 1225
0%
600 ÷ 2425
0%
175 ÷ 725
0%
275 ÷ 1125
0%
450 ÷ 1825
0%
325 ÷ 1325
0%
575 ÷ 2325
0%
400 ÷ 1625
0%
286 ÷ 1126
0%
312 ÷ 1226
0%
572 ÷ 2226
0%
52 ÷ 226
0%
338 ÷ 1326
0%
494 ÷ 1926
0%
364 ÷ 1426
0%
598 ÷ 2326
0%
526 ÷ 2263
0%
532 ÷ 2266
0%
594 ÷ 2227
0%
567 ÷ 2127
0%
405 ÷ 1527
0%
432 ÷ 1627
0%
351 ÷ 1327
0%
486 ÷ 1827
0%
324 ÷ 1227
0%
378 ÷ 1427
0%
297 ÷ 1127
0%
548 ÷ 2274
0%
558 ÷ 2279
0%
392 ÷ 1428
0%
448 ÷ 1628
0%
196 ÷ 728
0%
168 ÷ 628
0%
364 ÷ 1328
0%
564 ÷ 2282
0%
232 ÷ 829
0%
261 ÷ 929
0%
582 ÷ 2291
0%
590 ÷ 2295
0%
111 ÷ 373
0%
138 ÷ 463
0%
30 ÷ 103
0%
57 ÷ 193
0%
117 ÷ 393
0%
6 ÷ 23
0%
141 ÷ 473
0%
540 ÷ 1830
0%
570 ÷ 1930
0%
210 ÷ 730
0%
600 ÷ 2300
0%
403 ÷ 1331
0%
372 ÷ 1231
0%
279 ÷ 931
0%
310 ÷ 1031
0%
527 ÷ 1731
0%
496 ÷ 1631
0%
248 ÷ 831
0%
465 ÷ 1531
0%
384 ÷ 1232
0%
544 ÷ 1732
0%
128 ÷ 432
0%
288 ÷ 932
0%
352 ÷ 1132
0%
416 ÷ 1332
0%
224 ÷ 732
0%
160 ÷ 532
0%
198 ÷ 633
0%
495 ÷ 1533
0%
363 ÷ 1133
0%
132 ÷ 433
0%
594 ÷ 1833
0%
528 ÷ 1633
0%
462 ÷ 1433
0%
396 ÷ 1233
0%
561 ÷ 1733
0%
306 ÷ 934
0%
204 ÷ 634
0%
544 ÷ 1634
0%
340 ÷ 1034
0%
102 ÷ 334
0%
442 ÷ 1334
0%
272 ÷ 834
0%
510 ÷ 1534
0%
238 ÷ 734
0%
385 ÷ 1135
0%
595 ÷ 1735
0%
140 ÷ 435
0%
432 ÷ 1236
0%
288 ÷ 836
0%
468 ÷ 1336
0%
396 ÷ 1136
0%
333 ÷ 937
0%
259 ÷ 737
0%
481 ÷ 1337
0%
592 ÷ 1637
0%
444 ÷ 1237
0%
342 ÷ 938
0%
228 ÷ 638
0%
532 ÷ 1438
0%
456 ÷ 1238
0%
266 ÷ 738
0%
156 ÷ 439
0%
351 ÷ 939
0%
273 ÷ 739
0%
429 ÷ 1139
0%
585 ÷ 1539
0%
52 ÷ 134
0%
116 ÷ 294
0%
96 ÷ 244
0%
64 ÷ 164
0%
160 ÷ 404
0%
156 ÷ 394
0%
152 ÷ 384
0%
188 ÷ 474
0%
144 ÷ 364
0%
180 ÷ 454
0%
440 ÷ 1140
0%
600 ÷ 1540
0%
164 ÷ 441
0%
451 ÷ 1141
0%
328 ÷ 841
0%
82 ÷ 241
0%
492 ÷ 1241
0%
369 ÷ 941
0%
533 ÷ 1341
0%
252 ÷ 642
0%
546 ÷ 1342
0%
588 ÷ 1442
0%
336 ÷ 842
0%
516 ÷ 1243
0%
559 ÷ 1343
0%
129 ÷ 343
0%
258 ÷ 643
0%
572 ÷ 1344
0%
360 ÷ 845
0%
540 ÷ 1245
0%
495 ÷ 1145
0%
315 ÷ 745
0%
270 ÷ 645
0%
506 ÷ 1146
0%
230 ÷ 546
0%
184 ÷ 446
0%
598 ÷ 1346
0%
138 ÷ 346
0%
376 ÷ 847
0%
282 ÷ 647
0%
564 ÷ 1247
0%
423 ÷ 947
0%
188 ÷ 447
0%
384 ÷ 848
0%
576 ÷ 1248
0%
539 ÷ 1149
0%
245 ÷ 549
0%
155 ÷ 315
0%
205 ÷ 415
0%
45 ÷ 95
0%
170 ÷ 345
0%
235 ÷ 475
0%
220 ÷ 445
0%
10 ÷ 25
0%
185 ÷ 375
0%
195 ÷ 395
0%
80 ÷ 165
0%
240 ÷ 485
0%
105 ÷ 215
0%
190 ÷ 385
0%
215 ÷ 435
0%
135 ÷ 275
0%
145 ÷ 295
0%
600 ÷ 1250
0%
357 ÷ 751
0%
364 ÷ 752
0%
572 ÷ 1152
0%
159 ÷ 353
0%
583 ÷ 1153
0%
378 ÷ 754
0%
486 ÷ 954
0%
594 ÷ 1154
0%
324 ÷ 654
0%
165 ÷ 355
0%
440 ÷ 855
0%
275 ÷ 555
0%
220 ÷ 455
0%
224 ÷ 456
0%
392 ÷ 756
0%
114 ÷ 257
0%
399 ÷ 757
0%
513 ÷ 957
0%
285 ÷ 557
0%
522 ÷ 958
0%
174 ÷ 358
0%
406 ÷ 758
0%
118 ÷ 259
0%
472 ÷ 859
0%
413 ÷ 759
0%
531 ÷ 959
0%
162 ÷ 276
0%
210 ÷ 356
0%
132 ÷ 226
0%
186 ÷ 316
0%
288 ÷ 486
0%
126 ÷ 216
0%
252 ÷ 426
0%
84 ÷ 146
0%
258 ÷ 436
0%
120 ÷ 206
0%
54 ÷ 96
0%
90 ÷ 156
0%
300 ÷ 506
0%
228 ÷ 386
0%
480 ÷ 860
0%
488 ÷ 861
0%
186 ÷ 362
0%
124 ÷ 262
0%
504 ÷ 863
0%
567 ÷ 963
0%
512 ÷ 864
0%
384 ÷ 664
0%
576 ÷ 964
0%
256 ÷ 464
0%
585 ÷ 965
0%
528 ÷ 866
0%
462 ÷ 766
0%
330 ÷ 566
0%
594 ÷ 966
0%
402 ÷ 667
0%
536 ÷ 867
0%
268 ÷ 467
0%
476 ÷ 768
0%
204 ÷ 368
0%
345 ÷ 569
0%
483 ÷ 769
0%
552 ÷ 869
0%
280 ÷ 407
0%
14 ÷ 27
0%
91 ÷ 137
0%
322 ÷ 467
0%
343 ÷ 497
0%
196 ÷ 287
0%
350 ÷ 507
0%
329 ÷ 477
0%
217 ÷ 317
0%
245 ÷ 357
0%
56 ÷ 87
0%
266 ÷ 387
0%
301 ÷ 437
0%
294 ÷ 427
0%
147 ÷ 217
0%
182 ÷ 267
0%
560 ÷ 870
0%
284 ÷ 471
0%
426 ÷ 671
0%
576 ÷ 872
0%
360 ÷ 572
0%
438 ÷ 673
0%
584 ÷ 873
0%
292 ÷ 473
0%
511 ÷ 773
0%
148 ÷ 274
0%
518 ÷ 774
0%
444 ÷ 674
0%
222 ÷ 374
0%
375 ÷ 575
0%
600 ÷ 875
0%
525 ÷ 775
0%
450 ÷ 675
0%
304 ÷ 476
0%
380 ÷ 576
0%
456 ÷ 676
0%
532 ÷ 776
0%
539 ÷ 777
0%
546 ÷ 778
0%
312 ÷ 478
0%
468 ÷ 678
0%
390 ÷ 578
0%
474 ÷ 679
0%
395 ÷ 579
0%
158 ÷ 279
0%
296 ÷ 378
0%
320 ÷ 408
0%
32 ÷ 48
0%
304 ÷ 388
0%
256 ÷ 328
0%
368 ÷ 468
0%
352 ÷ 448
0%
144 ÷ 188
0%
208 ÷ 268
0%
192 ÷ 248
0%
336 ÷ 428
0%
136 ÷ 178
0%
56 ÷ 78
0%
96 ÷ 128
0%
240 ÷ 308
0%
288 ÷ 368
0%
376 ÷ 478
0%
272 ÷ 348
0%
184 ÷ 238
0%
40 ÷ 58
0%
324 ÷ 481
0%
243 ÷ 381
0%
328 ÷ 482
0%
574 ÷ 782
0%
246 ÷ 382
0%
492 ÷ 682
0%
498 ÷ 683
0%
581 ÷ 783
0%
332 ÷ 483
0%
255 ÷ 385
0%
340 ÷ 485
0%
595 ÷ 785
0%
172 ÷ 286
0%
516 ÷ 686
0%
344 ÷ 486
0%
522 ÷ 687
0%
528 ÷ 688
0%
440 ÷ 588
0%
267 ÷ 389
0%
534 ÷ 689
0%
135 ÷ 159
0%
432 ÷ 489
0%
171 ÷ 199
0%
108 ÷ 129
0%
342 ÷ 389
0%
243 ÷ 279
0%
144 ÷ 169
0%
360 ÷ 409
0%
279 ÷ 319
0%
351 ÷ 399
0%
369 ÷ 419
0%
387 ÷ 439
0%
252 ÷ 289
0%
198 ÷ 229
0%
261 ÷ 299
0%
234 ÷ 269
0%
117 ÷ 139
0%
360 ÷ 490
0%
546 ÷ 691
0%
364 ÷ 491
0%
276 ÷ 392
0%
460 ÷ 592
0%
186 ÷ 293
0%
465 ÷ 593
0%
564 ÷ 694
0%
570 ÷ 695
0%
380 ÷ 495
0%
475 ÷ 595
0%
576 ÷ 696
0%
384 ÷ 496
0%
485 ÷ 597
0%
582 ÷ 697
0%
388 ÷ 497
0%
588 ÷ 698
0%
392 ÷ 498
0%
294 ÷ 398
0%
490 ÷ 598
0%
495 ÷ 599
0%

Distribuição das Pontuações

Percentil de Números Respondidos

Porcentagem de Pessoas com Cada Pontuação

Sua Pontuação Histórica

Você não jogou esse quiz